<?xml version="1.0" encoding="UTF-8"?><?xml-stylesheet type="text/xsl" href="static/style.xsl"?><OAI-PMH xmlns="http://www.openarchives.org/OAI/2.0/" xmlns:xsi="http://www.w3.org/2001/XMLSchema-instance" xsi:schemaLocation="http://www.openarchives.org/OAI/2.0/ http://www.openarchives.org/OAI/2.0/OAI-PMH.xsd"><responseDate>2026-06-02T09:22:30Z</responseDate><request verb="GetRecord" identifier="oai:riuma.uma.es:10630/24962" metadataPrefix="marc">https://riuma.uma.es/rest/oai/request</request><GetRecord><record><header><identifier>oai:riuma.uma.es:10630/24962</identifier><datestamp>2026-02-03T10:16:16Z</datestamp><setSpec>com_10630_1685</setSpec><setSpec>col_10630_38084</setSpec></header><metadata><record xmlns="http://www.loc.gov/MARC21/slim" xmlns:dcterms="http://purl.org/dc/terms/" xmlns:doc="http://www.lyncode.com/xoai" xmlns:xsi="http://www.w3.org/2001/XMLSchema-instance" xsi:schemaLocation="http://www.loc.gov/MARC21/slim http://www.loc.gov/standards/marcxml/schema/MARC21slim.xsd">
   <leader>00925njm 22002777a 4500</leader>
   <datafield ind2=" " ind1=" " tag="042">
      <subfield code="a">dc</subfield>
   </datafield>
   <datafield ind2=" " ind1=" " tag="720">
      <subfield code="a">González-Jurado, Deborah</subfield>
      <subfield code="e">author</subfield>
   </datafield>
   <datafield ind2=" " ind1=" " tag="260">
      <subfield code="c">2022-09-12</subfield>
   </datafield>
   <datafield ind2=" " ind1=" " tag="520">
      <subfield code="a">La música española es un tema tan vasto como inabarcable para cualquier persona. Sería vano por mi parte pretender tener algo más que una idea general como público oyente, que una visión realmente experta del asunto. Por tanto, he pensado plantear este curso desde la metodología de la “clase invertida”, donde son las alumnas y alumnos quienes contribuyen colectivamente a construir el conocimiento del grupo y del profesor con sus aportaciones. Mi proyecto pedagógico con los alumnos de Newcastle, y eventualmente con otros alumnos de la Universidad de Málaga —si es que encuentro alguna manera posible de integrar este tema en las rígidas programaciones docentes en curso—, consiste en plantear una selección de audiciones colectivas en clase para después plantear unas líneas generales histórico-sociales. Estas explicaciones aspiran a ayudar a los alumnos o a las personas profanas en el tema a no perderse en el universo de las músicas españolas más generales y conocidas.</subfield>
   </datafield>
   <datafield ind1="8" ind2=" " tag="024">
      <subfield code="a">GONZÁLEZ JURADO, Deborah (2022) Música popular, flamenco y fusiones musicales en España: Una visión general desde el siglo XIX (apuntes), 65 pp.</subfield>
   </datafield>
   <datafield ind1="8" ind2=" " tag="024">
      <subfield code="a">https://hdl.handle.net/10630/24962</subfield>
   </datafield>
   <datafield tag="653" ind2=" " ind1=" ">
      <subfield code="a">España - Cultura popular</subfield>
   </datafield>
   <datafield tag="653" ind2=" " ind1=" ">
      <subfield code="a">Andalucía - Cultura popular</subfield>
   </datafield>
   <datafield tag="653" ind2=" " ind1=" ">
      <subfield code="a">Música popular - España - Estudio y enseñanza</subfield>
   </datafield>
   <datafield tag="653" ind2=" " ind1=" ">
      <subfield code="a">Andalucía - Música popular - Estudio y enseñanza</subfield>
   </datafield>
   <datafield tag="653" ind2=" " ind1=" ">
      <subfield code="a">Flamenco (Folclore) - Estudio y enseñanza</subfield>
   </datafield>
   <datafield ind2="0" ind1="0" tag="245">
      <subfield code="a">Música popular, flamenco y fusiones musicales en España: Una visión general desde el siglo XIX</subfield>
   </datafield>
</record>
</metadata></record></GetRecord></OAI-PMH>